000 01025nam a22003257a 4500
001 0042899
003 KOHA_MİRAKIL
005 20260207003329.0
007 ta
008 130821b2009 tu a|||gr||||#0|||0|tur |
020 _a9789755560694
040 _aTR-BiSEU
_btur
_cTR-BiSEU
_erda
041 0 _atur
044 _ctu
050 _aQD253
_b.A85 2009
100 1 _aAtkins, Robert C..
240 1 0 _aorganic chemistry : a brief course
_lTürkçe
245 1 _aOrganik kimya :
_bkısa ve öz =
_borganic chemistry :
_ba brief course/
_cRobert C. Atkins ; Robert C. Atkins, Francis A. Carey ; çev. Gürol Okay, Yılmaz Yıldırır.
250 _a3. bs.
264 1 _aAnkara :
_bBilim
_c2009
300 _aXXV, 514, [61] sayfa :
_bresimli ;
_c25 cm
336 _ametin
_btxt
_2rdacontent
337 _aaracısız
_bn
_2rdamedia
338 _acilt
_bnc
_2rdacarrier
500 _aDizin var.
650 0 _aKimya, Organik.
_91514
650 0 _aChemistry, Organic.
_91515
907 _aDers Kitabı
942 _2lcc
_cBK
999 _c42722
_d42722